Вып. 7; Советская скульптура

Detalhes bibliográficos
Parent link:Советская скульптура: [сборник]/ под ред. А. И. Бурганова. Вып. 7.— , 1976-1986
Idioma:russo
Publicado em: 1983
Assuntos:
Formato: Livro
KOHA link:https://koha.lib.tpu.ru/cgi-bin/koha/opac-detail.pl?biblionumber=304197

MARC

LEADER 00000nam2a2200000 4500
001 304197
005 20231102001658.0
035 |a (RuTPU)RU\TPU\book\329432 
035 |a RU\TPU\book\297609 
090 |a 304197 
100 |a 20150911d1983 m y0rusy5003 ca 
101 0 |a rus 
102 |a RU 
105 |a a z 001zd 
200 0 |a Вып. 7 
210 |d 1983 
215 |a 230 с.  |c ил. 
320 |a Именной указатель: с. 225-228 
461 1 |0 (RuTPU)RU\TPU\book\316151  |t Советская скульптура  |o [сборник]  |f под ред. А. И. Бурганова  |v Вып. 7  |d 1976-1986 
606 1 |a Скульптура  |2 stltpush  |3 (RuTPU)RU\TPU\subj\55079  |9 73151 
610 1 |a панорама 
610 1 |a портреты 
610 1 |a практика 
610 1 |a теория 
610 1 |a творческое наследие 
610 1 |a зарубежный опыт 
610 1 |a СССР 
610 1 |a скульпторы 
610 1 |a персоналии 
675 |a 73  |z rus  |v 4 
801 0 |a RU  |b 63413507  |c 19950417  |g psbo 
801 1 |a RU  |b 63413507  |c 20140714 
801 2 |a RU  |b 63413507  |c 20171003  |g RCR 
942 |c BK